000 00412cam a22001097a 4500
008 180718b2001 xxu||||| |||| 00| 0 eng d
100 _aClarke, George
245 _aForeign bank entry: experience, implications for developing c ountries, and agenda for further research
_cby George Clarke...[et.al.]
260 _aWashington, D.C.
_bWorld Bank
_c2001
300 _a41p.
440 _aPolicy research working paper 2698
999 _c287269
_d287269